Probability, finance and insurance : Hongkong, 15-17 July 2002
This workshop was the first of its kind in bringing together researchers in probability theory, stochastic processes, insurance and finance from mainland China, Taiwan, Hong Kong, Singapore, Australia and the United States. In particular, as China has joined the WTO, there is a growing demand for ex...
Sparad:
| Materialtyp: | Bok |
|---|---|
| Språk: | Undetermined |
| Publicerad: |
New Jersey
World Scientific
2004
|
| Ämnen: | |
| Taggar: |
Lägg till en tagg
Inga taggar, Lägg till första taggen!
|
| Thư viện lưu trữ: | Trung tâm Học liệu Trường Đại học Cần Thơ |
|---|
| LEADER | 01287nam a2200217Ia 4500 | ||
|---|---|---|---|
| 001 | CTU_156805 | ||
| 008 | 210402s9999 xx 000 0 und d | ||
| 020 | |c 121 | ||
| 082 | |a 332.0151923 | ||
| 082 | |b P963 | ||
| 245 | 0 | |a Probability, finance and insurance : | |
| 245 | 0 | |b Hongkong, 15-17 July 2002 | |
| 245 | 0 | |c Editors Tze Leung Lai, Hailiang Yang, Siu Pang Yung | |
| 260 | |a New Jersey | ||
| 260 | |b World Scientific | ||
| 260 | |c 2004 | ||
| 520 | |a This workshop was the first of its kind in bringing together researchers in probability theory, stochastic processes, insurance and finance from mainland China, Taiwan, Hong Kong, Singapore, Australia and the United States. In particular, as China has joined the WTO, there is a growing demand for expertise in actuarial sciences and quantitative finance. The strong probability research and graduate education programs in many of China's universities can be enriched by their outreach in fields that are of growing importance to the country's expanding economy, and the workshop and its proceedings can be regarded as the first step in this direction. | ||
| 650 | |a Insurance,Finance | ||
| 650 | |x Mathematical models,Mathematical models | ||
| 904 | |i Bạch Trúc | ||
| 980 | |a Trung tâm Học liệu Trường Đại học Cần Thơ | ||